| 000 | 00882nam a2200277 i 4500 | ||
|---|---|---|---|
| 001 | bg | ||
| 100 | 1 | _aBĘZA, Stanisław | |
| 245 | 1 | 0 |
_aDeutsch im Büro und Geschäftsleben / _cStanisław Bęza, Anke Kleinschmidt. |
| 260 |
_aWarszawa : _b"Poltext", _c2004. |
||
| 300 |
_a397, [1] s. ; _c24 cm + _ekaseta dźw. |
||
| 504 | _aBibliogr. s. 397-[398]. | ||
| 650 | 9 |
_aBiurowość _xorganizacja |
|
| 650 | 9 | _aKorespondencja handlowa | |
| 650 | 9 | _aNegocjacje | |
| 650 | 9 | _aJęzyk niemiecki | |
| 655 | _aPodręczniki akademickie | ||
| 700 | 1 | _aKLEINSCHMIDT, Anke | |
| 020 | _a8385366911 | ||
| 040 | _cBPK | ||
| 041 | 0 |
_ager _gpol |
|
| 080 | _a811.112.2:339.5:651.4/.9](075.8) | ||
| 920 | _a83-85366-91-1 | ||
| 942 | _cKS | ||
| 008 | s pl f |000 0 pol | ||
| 999 |
_c44665 _d44665 |
||
| 856 |
_uhttp://koha.tu.koszalin.pl/cgi-bin/koha/opac-detail.pl?biblionumber=44665 _yKatalog online BPK |
||